[Event "ICS rated blitz match"]
[Site "207.99.83.227"]
[Date "1999.04.03"]
[Round "?"]
[White "nimraz"]
[Black "Hossa"]
[Result "0-1"]
[WhiteElo "2236"]
[BlackElo "2474"]
[Annotator "Fritz 5.32 (15s)"]
[PlyCount "84"]

1. d4 Nf6 2. g3 e6 3. Bg2 d5 4. Nf3 Bb4+ (4... Be7 5. Nbd2 O-O 6. c4 b6 7. O-O
Bb7 8. cxd5 exd5 9. b3 Na6 10. Bb2 c5 11. Rc1 Re8 12. a3 Ne4 13. dxc5 Naxc5 14.
b4 Ne6 15. Qb3 Nxd2 16. Nxd2 a5 17. Rfd1 axb4 18. axb4 Qd6 19. Bc3 Ra7 20. Nf3
Rea8 21. Qb1 Qb8 22. Ne1 Ra2 23. Rc2 Rxc2 24. Qxc2 d4 25. Bd2 Bxg2 26. Nxg2 Qb7
27. Rc1 Qd5 28. Ne1 h6 29. Qc6 Qxc6 30. Rxc6 Ra2 31. Nf3 g5 32. h3 h5 33. g4
hxg4 34. hxg4 Ra1+ 35. Kg2 b5 36. Rb6 Ra2 37. Rxb5 d3 38. exd3 {
1-0 Csom,I-Zsinka,L/HUN-chT 9394 1994 (38)}) (4... Nbd7 5. O-O Bd6 6. c4 c6 7.
Nbd2 O-O 8. Qc2 b6 9. cxd5 cxd5 10. Qc6 Qc7 11. Qxa8 Ba6 12. Qxf8+ Kxf8 13. Re1
Qc2 14. a3 h6 15. e3 Ne4 16. Nxe4 dxe4 17. Nd2 Bd3 18. f3 f5 19. fxe4 {
Pliester,L-Meulders,R/NLD 1997/0-1 (45)}) 5. c3 $146 (5. Bd2 Bd6 6. O-O c5 7.
Be1 Nc6 8. dxc5 Bxc5 9. Nc3 O-O 10. Nd2 Qd6 11. e3 a6 12. a3 b5 13. b4 Bb6 14.
Nb3 Bb7 15. Ne2 Qc7 16. Kh1 Ne5 17. Bc3 Rac8 18. Bxe5 Qxe5 19. Ned4 Qc7 20. Bh3
Rfe8 21. f4 Qc3 22. Qe2 Rc7 23. Bg2 e5 24. fxe5 Rxe5 25. Rxf6 gxf6 26. Qg4+ Rg5
27. Qf4 27... Bxd4 {0-1 Eisenstein,M-Genge,P/IECG, Cat-C (m/0714/01) 1995 (27)}
) 5... Be7 6. O-O O-O 7. Nbd2 b6 8. e4 $15 (8. Nb3 8... Nbd7 $11) 8... Nxe4 9.
Nxe4 dxe4 10. Ne5 Bb7 11. Re1 11... f6 {Staerkt g5} 12. Nd3 f5 (12... exd3 $2 {
ist nicht korrekt} 13. Bxb7 Nd7 14. Bxa8 Qxa8 15. Rxe6 $18) 13. Nf4 Qd6 14. Qb3
14... Bd5 $11 (14... Rf6 15. Nh5 Rf7 16. Bf4 $15) 15. c4 Qb4 16. Be3 $17 (16.
Qxb4 $5 $142 {sieht noch spielbar aus} 16... Bxb4 17. cxd5 Bxe1 18. Nxe6 $11)
16... Bxc4 17. Qxb4 Bxb4 18. Rec1 Bd5 19. Rxc7 Bd6 20. Nxd5 exd5 21. Rb7 $17 (
21. Rc3 Na6 22. Bf1 22... Nb4 $15) 21... Nc6 22. Rc1 Nb4 23. Bf1 Nxa2 24. Rc6
Rfd8 25. Bg5 Nb4 26. Rxd6 (26. Bb5 Nxc6 27. Bxc6 Bf8 28. Bxd8 Rxd8 29. Rxa7
29... Rd6 $17) 26... Rxd6 27. Be7 Rad8 28. Bxd8 Rxd8 29. Rxa7 Nc2 30. g4 $19 (
30. Ra4 $5 $17 $142) 30... Nxd4 31. gxf5 Nxf5 32. Bh3 Nd4 33. Rb7 (33. Bg4
33... g6 $19) 33... Nf3+ 34. Kg2 34... Rd6 {Mit der Mattdrohung Rg6} 35. Kg3 (
35. Bg4 Ne5 36. Be2 36... Kf8 $19) 35... Rg6+ 36. Kf4 Rf6+ (36... Nxh2 $6 37.
Rb8+ Kf7 38. Rb7+ Kf8 39. Ke5 $19) 37. Kg3 h5 38. Bc8 Kh7 (38... g5 {
und Schwarz haette es noch leichter} 39. Kg2 $19) 39. h4 (39. Rd7 h4+ 40. Kg2
40... d4 $19) 39... Ne5 40. Rb8 (40. Re7 {waere gleichermassen fruchtlos} 40...
Nd3 $19) 40... Rf8 41. Ra8 Ng4 42. f4 exf3 (42... exf3 43. Bxg4 Rxa8 44. Bxf3
44... Ra2 $19) 0-1

[Event "ICS rated blitz match"]
[Site "207.99.83.227"]
[Date "1999.04.03"]
[Round "?"]
[White "Hossa"]
[Black "nimraz"]
[Result "1-0"]
[WhiteElo "2480"]
[BlackElo "2230"]
[Annotator "Fritz 5.32 (15s)"]
[PlyCount "108"]

1. e4 e5 2. Nf3 d5 3. exd5 e4 4. Qe2 Nf6 5. Nc3 Bb4 (5... Be7 6. Ne5 O-O 7. d4
Re8 8. Bf4 Bb4 9. Bg5 Qxd5 10. Qc4 Qxc4 11. Bxc4 Be6 12. Bxe6 Rxe6 13. O-O Bxc3
14. bxc3 Nd5 15. Bd2 f6 16. Nc4 Nxc3 17. Bxc3 17... Rc6 {
0-1 Holushova,T-Mekbalieva,N/EuYouth U12 Girls, Tallinn EST 1997 (17)}) 6. Nxe4
O-O 7. Nxf6+ 7... Qxf6 $146 (7... gxf6 8. Qc4 Qe7+ 9. Be2 Re8 10. c3 b5 11. Qd3
Bf5 12. Qxb5 c6 13. dxc6 Nxc6 14. O-O Qxe2 15. Qxf5 Bf8 16. Qxf6 Re6 17. Qg5+
Kh8 18. d4 Bh6 19. Qf5 Ne7 20. Qh5 Rg8 21. Bxh6 Rxh6 22. Qxh6 Qxf3 23. g3 Nf5
24. Qf6+ Rg7 25. Rae1 h6 26. Re5 Nxd4 27. Qxh6+ {
1-0 Reinhold,E-Emser,H/St. Ingbert op 1991 (27)}) 8. Qe4 {
Weiss haelt das Heft fest in der Hand} 8... c5 {
Der Freibauer d5 wird schnell zu einer gefaehrlichen Waffe} (8... Bd6 9. Bd3
Qh6 10. Be2 $18) 9. Bd3 {Droht Matt} 9... g6 10. O-O Bf5 (10... Bd7 11. Qe5 Qb6
12. Qf4 $18) 11. Qf4 c4 12. Bxf5 gxf5 (12... Qxf5 13. Qxf5 gxf5 14. c3 $18) 13.
Qxc4 Na6 14. Qb3 Rae8 (14... Bd6 {hilft allerdings auch nicht} 15. d4 $18) 15.
c3 (15. d4 {damit wuerde Weiss es sich noch erleichtern} 15... h6 $18) 15...
Bd6 16. Qxb7 {Damit entsteht ein starker Freibauer} 16... Nc5 17. Qb5 (17. Qxa7
$6 {waere weniger gut} 17... Ra8 18. Qxa8 18... Rxa8 $16) 17... a6 (17... Rb8 {
hilft auch nicht mehr} 18. Qc4 $18) 18. Qc4 Re4 19. d4 Rfe8 (19... Nd7 {
kann das Vorangegangene nicht ungeschehen machen} 20. Be3 $18 (20. Qxa6 $2 {
geht nicht} 20... Bxh2+ 21. Nxh2 21... Qxa6 $19)) 20. Bg5 (20. Ng5 $142 {
laesst dem Gegner kaum Chancen} 20... Qh6 21. g3 f4 22. Nxe4 Nxe4 23. Qxa6
23... Qh3 $18) 20... Qg6 21. Kh1 (21. Rfe1 {gibt noch groesseren Vorteil} 21...
Rb8 22. b4 22... Nd7 $18) 21... Qh5 22. b4 (22. Be3 {
erleichterte Weiss die Gewinnfuehrung} 22... f4 23. Bc1 23... a5 $18) 22... Rg4
23. bxc5 $16 {Der Freibauer c5 fuehrt schnell zu Drohungen} (23. h3 $142 {
liesse Schwarz keine Chance} 23... Ne4 24. Qc6 $18) 23... Rxg2 {Droht Matt} 24.
cxd6 {d6 setzt sich schnell in Bewegung. Ist dieser Freibauer gefaehrlich?} ({
Und nicht} 24. Kxg2 24... Qg4+ 25. Kh1 Qxf3+ 26. Kg1 Qg4+ 27. Kh1 Qf3+ 28. Kg1
Qg4+ 29. Kh1 29... Qf3+ $11) 24... Qxf3 {Mit der Mattdrohung Rxg5} 25. Qd3 $1 {
und der Wal spuckt Jonas wieder aus} 25... Qxd3 {Droht Matt: Qf3} 26. Kxg2 Qe4+
27. f3 Qxd5 28. Be7 f6 29. Kh1 (29. Rfb1 Kf7 30. Re1 30... Qc4 $11) 29... Kf7
30. Rf2 Rg8 31. Rd1 f4 (31... Qe6 32. Rdf1 $15) 32. Rb1 h5 33. Rbb2 $15 (33.
Re1 $5 $11) 33... h4 $11 (33... Qc4 $5 34. Rbc2 34... Qd3 $17) 34. Rb1 $15 (34.
Rbc2 Qb5 35. Rc1 35... Qd3 $15) 34... h3 35. Rbb2 $2 $19 (35. Rc1 $15 $142 {
und Weiss kann noch kaempfen}) 35... Rg2 (35... Qf5 $5 36. Rfd2 Qe6 37. Re2 $19
) 36. Rxg2 36... Qxf3 $1 {die richtige Fortsetzung, um den Vorteil festzuhalten
} 37. Kg1 (37. Bxf6 hxg2+ 38. Rxg2 Kxf6 39. d7 $19) 37... hxg2 (37... Qe3+ 38.
Kf1 Qc1+ 39. Ke2 hxg2 40. Kd3 g1=Q 41. Kc4 Qxb2 42. a4 Qe3 43. Kd5 Qbxc3 44.
Bxf6 Qe6#) 38. Rf2 (38. Rxg2 {macht keinen grossen Unterschied} 38... Qe3+ 39.
Kf1 39... f3 $19 (39... Qxc3 $6 {ist klar schwaecher} 40. h4 $19)) 38... Qd5
$14 (38... Qe4 $142 {und Weiss kann direkt aufgeben} 39. Rxf4 {
fuer Weiss fuehrt kein Weg daran vorbei, das Material zurueckzugeben} 39...
Qxf4 40. Kxg2 Qd2+ 41. Kf3 41... Ke6 $19) 39. Rxf4 (39. Rxg2 f3 40. Rg3 Qe4 41.
Rxf3 41... Qxf3 $19) 39... f5 $16 (39... Qxa2 40. Rxf6+ Ke8 41. Rf2 Qa1+ 42.
Kxg2 Qxc3 43. d5 Qg7+ 44. Kf3 $11) 40. Rf2 Ke6 41. Rxg2 41... Qe4 {
Es droht Matt} 42. Rg6+ (42. h4 Qe1+ 43. Kh2 43... f4 $11) 42... Kd7 43. Bf8
Qe3+ 44. Kg2 44... f4 $14 (44... Qd2+ $5 45. Kf1 Qd3+ 46. Kf2 Qc2+ 47. Kf1 Qd3+
48. Kf2 Qc2+ 49. Kg1 Qd1+ 50. Kf2 50... Qc2+ $11) 45. Rg7+ Kd8 46. Re7 f3+ 47.
Kg3 47... f2+ $4 $18 {danach wendet sich das Blatt} (47... Qg5+ 48. Kxf3 Qf5+
49. Ke2 49... Qxf8 $17) 48. Rxe3 f1=Q 49. Be7+ Kd7 50. h4 Qg1+ 51. Kf3 Qh1+ 52.
Ke2 Qg1 (52... Qa1 53. a3 $18) 53. c4 (53. a3 53... Qc1 $18) 53... Qg2+ 54. Kd3
Qg1 (54... Qf1+ 55. Ke4 $16) 1-0

[Event "ICS rated blitz match"]
[Site "207.99.83.227"]
[Date "1999.04.03"]
[Round "?"]
[White "nimraz"]
[Black "Hossa"]
[Result "0-1"]
[WhiteElo "2224"]
[BlackElo "2486"]
[Annotator "Fritz 5.32 (15s)"]
[PlyCount "80"]

1. e4 c5 2. Nf3 Nc6 3. c3 Nf6 4. e5 Nd5 5. d4 cxd4 6. cxd4 d6 7. Bc4 Nb6 8. Bb3
dxe5 9. d5 Na5 10. Nc3 Nxb3 11. Qxb3 11... Qc7 $11 (11... e6 12. Nxe5 (12. Bg5
Be7 13. Rd1 exd5 14. Nxd5 Bxg5 15. Nxg5 O-O 16. Ne4 Nxd5 17. Rxd5 Qc7 18. Rc5
Qe7 19. Qc3 Be6 20. Qxe5 f6 21. Qc7 Qxc7 22. Rxc7 Bxa2 23. Nc3 Rf7 24. Rxf7
Bxf7 25. Kd2 Kf8 26. Re1 26... Rd8+ {
Marchyllie B-Bernei A/It (open), Capelle la Grande 1991/ - (42)}) 12... exd5
13. Be3 Bd6 (13... Be7 14. Qb5+ Kf8 15. Rd1 Be6 16. O-O Qd6 17. Rfe1 f6 18. Nf3
Kf7 19. Qe2 Rhe8 20. Ne4 Qb4 21. Nc3 Bg4 22. Bxb6 Bxf3 23. Qxf3 Qxb6 24. Nxd5
Qd6 25. Nf4 Qc6 26. Qb3+ {1-0 Pavasovic,D-Cigan,S/Bled SLO-chT 7.1.03 1996 (26)
}) 14. Qb5+ Bd7 (14... Kf8 15. Rd1 (15. O-O-O Be6 16. f4 Bxe5 17. fxe5 h6 18.
Kb1 Kg8 19. Bxb6 axb6 20. Nxd5 Qg5 21. h4 Qf5+ 22. Ka1 Kh7 23. Qe2 Rhc8 24. a3
Rc2 25. Qe3 Rxg2 26. Nf4 Rxa3+ 27. Qxa3 Qxf4 28. Qd3+ Bf5 29. Rhf1 Qa4+ 30. Qa3
Rg4 31. Rde1 Be6 32. h5 Qb5 33. Kb1 Ra4 34. Qf3 Ba2+ 35. Kc1 Rc4+ 36. Kd1 Qd7+
37. Ke2 Rc2+ 38. Ke3 38... Qd2+ {
0-1 Bergez,L-Gallagher,J/Open, Cannes FRA 1998 (38)}) 15... Be6 16. Nf3 Qe8 17.
O-O Qxb5 18. Nxb5 Be7 19. b3 h6 20. Rfe1 Bb4 21. Re2 Rd8 22. Nxa7 Nc8 23. Rc2
Nxa7 24. Bxa7 Ra8 25. Bd4 Kg8 26. a4 Kh7 27. Rc7 Rhb8 28. Be5 Ba5 29. Re7 {
Mukhametov,E-Makarov,M/Russian Cup (3), Omsk RUS 1996/ - (41)}) 15. Nxd7 Qxd7
16. O-O-O O-O-O 17. Qa5 Nc4 18. Qxa7 Nxe3 19. fxe3 Qc6 20. Rxd5 Bb8 21. Qd4
Rxd5 22. Qxd5 Qxd5 23. Nxd5 Re8 24. h3 Re5 25. Rd1 Ba7 26. Rd3 {
Sermek,D-Olivier,J/Cannes op 1995/1-0 (37)}) (11... f6 12. Be3 $15) 12. O-O $15
(12. Nb5 12... Qd8 $11) 12... e6 13. Re1 Bd6 (13... f6 14. Nb5 Qf7 15. d6 $11)
14. Nb5 Qb8 15. Nxd6+ $15 (15. dxe6 $5 15... Bxe6 16. Nxd6+ Qxd6 17. Qb5+ (17.
Rxe5 $143 17... Qxe5 18. Nxe5 Bxb3 19. axb3 19... Ke7 $19) 17... Nd7 18. Nxe5
$11) 15... Qxd6 16. Nxe5 Qxd5 (16... exd5 $4 17. Nc4+ Qe6 18. Rxe6+ fxe6 19.
Nd6+ Kd7 20. Qb4 $18) 17. Qg3 Rg8 18. Bg5 {Weiss plant Rad1} 18... Nd7 $16 (
18... Qb5 19. Rad1 Nd5 20. Qf3 $16) 19. Rad1 Qb5 (19... Qxa2 20. Nxd7 Bxd7 21.
Qd6 $18) 20. h4 $4 $11 {danach kann Weiss alle Traeume begraben} (20. Qh3 Qa6
21. Qxh7 $18) 20... h6 $14 (20... Qa6 21. Re4 h6 22. Bxh6 Nxe5 23. Qxe5 $18)
21. a4 $11 (21. Bxh6 Nxe5 22. Rxe5 Qxb2 23. Bg5 $16 (23. Bxg7 $143 23... Qc2 (
23... Qxa2 $4 {das Schlagen des Bauern ist schlecht} 24. Bf6 Qxf2+ 25. Kxf2
Rxg3 26. Rd8#) 24. Ree1 24... Bd7 $11 (24... Qxa2 $4 {
der Bauer ist nicht zu nehmen} 25. Bf6 Qxf2+ 26. Kxf2 Rxg3 27. Rd8#))) 21...
Qb4 $14 (21... Qxa4 $5 {ist zu erwaegen} 22. b3 Qa6 23. Bxh6 Nxe5 24. Qxe5 Bd7
25. Bxg7 25... Qb5 $14) 22. Bd2 $11 (22. Qf3 Rf8 23. Re4 $16) 22... Qxa4 23.
Bc3 $17 (23. b3 Qa6 24. Nc4 $16) 23... Nf6 $15 (23... Nxe5 24. Bxe5 Bd7 25. Qd3
$15) 24. Rd4 24... Qa6 $16 (24... Qc2 $11 $142 {und Schwarz spielt mit}) 25.
Nc4 (25. Ng4 Nd7 26. Nxh6 Rf8 27. Qxg7 27... e5 $18) 25... Qc6 $18 (25... Bd7
26. Nd6+ Ke7 27. Nf5+ 27... Kd8 $18) 26. Nd6+ Ke7 27. Rc4 (27. Bb4 Nd5 28.
Nxc8+ Ke8 29. Nd6+ Kd7 30. Nxf7 $18) 27... Qd7 $4 {
ein Fehler in schlechter Stellung} (27... Qxd6 $142 28. Bb4 $1 {
danach kommt Weiss in Vorteil} 28... Qxb4 29. Rxb4 29... Ke8 $18) 28. Nf5+ $1 {
ein laestiges Schach} 28... Ke8 {Schwarz geht zum Angriff ueber} 29. Rc7 (29.
Bxf6 Qd2 30. Nd6+ Kd7 31. Nxb7 Qxe1+ 32. Kh2 Ke8 33. Rc7 Qg1+ 34. Kxg1 Bd7 35.
Qd6 gxf6 36. Qxd7+ Kf8 37. Qxf7#) 29... Nh5 30. Nd6+ Ke7 31. Nf5+ $11 (31.
Nxc8+ $142 {ist der schnellste Weg} 31... Rgxc8 32. Rxd7+ Kxd7 33. Qf3 $18)
31... Ke8 32. Qh2 {Droht Matt: Rxd7} 32... Qd3 (32... Kd8 33. Rxd7+ 33... Bxd7
$18) 33. Nd6+ (33. Re7+ $142 {sichert den Gewinn} 33... Kf8 34. Qc7 $18) 33...
Kd8 34. Nxf7+ $1 {kraeftig gespielt} 34... Ke8 35. Bb4 {Es droht Matt} 35...
Bd7 36. Rec1 $17 (36. Qe5 36... Nf4 {
Schwarz kann das gewonnene Material nicht behalten} 37. Qxf4 $18) 36... Kxf7
37. Qe5 $2 $19 (37. Rxd7+ $142 37... Qxd7 38. Rc7 $17) 37... Nf6 38. f3 (38.
Rxb7 Rgc8 39. Bc3 39... Rc4 $19) 38... Rac8 39. Qd6 (39. R1c3 {
macht keinen grossen Unterschied} 39... Qb1+ 40. Kh2 40... Qxb2 $19) 39... Qe3+
40. Kf1 (40. Kh2 {nuetzt auch nichts mehr} 40... Qxc1 41. Rxc1 Rxc1 42. Qe7+
Kg6 43. h5+ 43... Kh7 $19 (43... Kxh5 $6 44. Qf7+ Kg5 45. Bd2+ Kf5 46. g4+ (46.
Bxc1 46... h5 $14) 46... Ke5 47. Bxc1 $11)) 40... Qxc1+ (40... Qxc1+ 41. Rxc1
Rxc1+ 42. Kf2 Rc2+ 43. Kg3 Rxb2 44. Qe7+ 44... Kg6 $19) (40... Kg6 {
waere im Gewinnsinne praeziser} 41. Qg3+ Kh7 42. Qf2 Qxc1+ 43. Rxc1 Rxc1+ 44.
Be1 $19) 0-1

[Event "ICS rated blitz match"]
[Site "207.99.83.227"]
[Date "1999.04.03"]
[Round "?"]
[White "Hossa"]
[Black "nimraz"]
[Result "1-0"]
[WhiteElo "2492"]
[BlackElo "2218"]
[Annotator "Fritz 5.32 (15s)"]
[PlyCount "109"]

1. e4 g6 2. Be2 Bg7 3. Nc3 $146 (3. d3 d6 4. f4 c5 5. Nf3 Nc6 6. O-O Nf6 7. c4
O-O 8. Nc3 a6 9. Qe1 Rb8 10. Qh4 Bg4 11. Ng5 Bxe2 12. Nxe2 h6 13. Rf3 hxg5 14.
fxg5 Nd7 15. Rh3 Re8 16. Qh7+ Kf8 17. Nf4 Nde5 18. Bd2 Qd7 19. Rf1 Nd4 20. Rh6
f5 21. Nxg6+ Nxg6 22. Rxg6 e6 23. Rf6+ Bxf6 24. Qxd7 Be5 25. g6 {
1-0 Welling Gerard-Vissing Andersen K/Copenhagen Denmark 1988 (25)}) 3... d6 4.
Nf3 c5 5. O-O 5... Nc6 {Schwarz muss dringend die Entwicklung vorantreiben.} 6.
Bb5 Nf6 7. e5 Ng4 8. exd6 Qxd6 9. Re1 O-O 10. Bxc6 Qxc6 11. Rxe7 $11 (11. Qe2
11... e6 $14) 11... Be6 12. h3 12... Nf6 $16 (12... Nh6 $5 $142 {
muss unbedingt geprueft werden} 13. d4 13... Nf5 $15) 13. d3 $11 {
Ueberdeckt c4+e4} (13. Ng5 Nd5 14. Nxe6 fxe6 15. Nxd5 15... Qxd5 $14) 13...
Rfd8 $14 (13... Rfc8 14. Bf4 $11) 14. Bg5 $11 (14. Bf4 14... Rac8 $11) 14...
Kf8 15. Ne5 Qd6 16. Nxg6+ $17 (16. Rxe6 $5 $142 {kam sehr in Betracht} 16...
Qxe6 17. Nc4 $15) 16... hxg6 17. Rxb7 17... Rdb8 $15 (17... Qc6 $5 18. Rb5
18... a6 $17) 18. Ne4 (18. Rxb8+ Rxb8 19. Bxf6 19... Bxf6 $15) 18... Nxe4 19.
Be7+ Qxe7 20. Rxe7 Kxe7 21. c3 $19 (21. dxe4 $5 $142 21... Bxb2 22. a3 $19)
21... Nd6 22. Qf3 Kf8 (22... Rb7 23. d4 cxd4 24. cxd4 $19) 23. Qe3 (23. Qc6
23... Nb7 $19) 23... Rc8 24. Qf4 Nf5 25. Qa4 Kg8 (25... Rab8 26. Qa3 $19) 26.
Re1 Rab8 27. Re2 Nd6 (27... Rb7 28. Kh2 $19) 28. Qxa7 28... c4 $17 (28... Bf5
29. Qa6 Rd8 30. Rd2 $19) 29. d4 Ra8 30. Qb6 Nf5 31. Rxe6 $19 (31. a4 $5 $17)
31... fxe6 (31... Rcb8 32. Rxg6 Rxb6 33. Rxb6 Rxa2 34. g4 $19) 32. Qxe6+ 32...
Kh7 $17 (32... Kf8 33. Qxg6 Ne7 34. Qb1 $19) 33. g4 Nh6 (33... Nh4 34. Kh2 Rf8
35. Qxc4 Rxf2+ 36. Kg3 $19) 34. a3 (34. g5 34... Ng8 $17) 34... Rf8 $11 (34...
Rcb8 $5 $142 35. Qc6 35... Ra7 $19) 35. Qxc4 Rae8 (35... Nf7 36. a4 $11) 36. b3
(36. Kg2 Bf6 37. f4 37... Bh4 $15) 36... g5 37. Qc5 $15 (37. a4 Re1+ 38. Kg2
38... Rfe8 $14) 37... Rf3 38. Qc6 38... Ref8 {Der Bauer f2 ist rueckstaendig}
39. h4 $17 (39. a4 Rxf2 40. a5 R8f6 41. Qe4+ 41... Kg8 $15) 39... R3f4 $15 (
39... gxh4 40. g5 Ng8 41. Qe4+ R8f5 42. a4 $19) 40. hxg5 Rxg4+ (40... Nxg4 41.
Kf1 $15) 41. Kf1 Nf5 42. Qh1+ $17 (42. Ke1 $5 $11 {kommt in Betracht}) 42...
Kg6 43. Ke1 Kxg5 44. Kd2 Nxd4 45. cxd4 Rxd4+ 46. Kc1 Rc8+ 47. Kb1 47... Rd2 $4
$18 {und der Gewinn ist perdu} (47... Rd3 $142 48. f4+ 48... Kf6 $19 (48...
Kxf4 $6 49. Qh4+ Ke3 50. Qh3+ Kd2 51. Qg2+ (51. Qxc8 Rxb3+ 52. Ka2 Rb2+ 53. Ka1
Rc2+ 54. Kb1 Rxc8 55. Ka2 Kc2 56. a4 Rc4 57. Ka3 Bb2+ 58. Ka2 Rxa4#) 51... Ke1
52. Qg1+ Kd2 53. Qg5+ Re3 54. Qg2+ (54. Qxg7 $2 {ist naheliegend und schlecht}
54... Re1+ 55. Ka2 Rc2+ 56. Qb2 Rxb2+ 57. Kxb2 57... Kd3 $19) 54... Re2 55.
Qg5+ (55. Qxg7 $4 {der Laeufer darf nicht angetastet werden} 55... Rc1+ 56. Ka2
Rc2+ 57. Qb2 Kd1 58. Qxc2+ 58... Kxc2 $19) 55... Kd1 56. Qd5+ Ke1 57. Qh1+ Kd2
58. Qd5+ Ke1 59. Qh1+ Kd2 60. Qd5+ 60... Ke1 $11)) 48. Qg2+ 48... Kf5 {
Mit der Mattdrohung Rb2} 49. Qf3+ (49. Qxg7 $6 {ist naheliegend und schlecht}
49... Rd1+ 50. Kb2 Rd2+ 51. Kb1 Rd1+ 52. Kb2 Rd2+ 53. Kb1 $11) 49... Ke6 50.
Qe3+ 50... Be5 {Droht Matt: Rd1} 51. Qxd2 Rf8 (51... Rc3 {aendert nichts mehr}
52. Ka2 $18) 52. Qe3 (52. a4 {erleichterte Weiss die Gewinnfuehrung} 52... Rf4
$18) 52... Rf4 53. Ka2 Kd5 (53... Kf5 {holt die Kuh nicht vom Eis} 54. f3 $18)
54. Qd2+ (54. b4 {damit wuerde Weiss es sich noch erleichtern} 54... Rf6 $18)
54... Rd4 {Mit der Mattdrohung Rxd2} 55. Qa5+ (55. Qa5+ Ke6 56. b4 $18) 1-0

[Event "ICS rated blitz match"]
[Site "207.99.83.227"]
[Date "1999.04.03"]
[Round "?"]
[White "Hossa"]
[Black "nimraz"]
[Result "0-1"]
[WhiteElo "2497"]
[BlackElo "2193"]
[Annotator "Fritz 5.32 (15s)"]
[PlyCount "54"]

1. e4 c5 2. Bc4 e6 3. Nc3 Nf6 (3... a6 4. a3 (4. Nf3 b5 5. Be2 Bb7 6. d4 cxd4
7. Qxd4 Nc6 8. Qd3 Qc7 9. Be3 Nb4 10. Qd2 Bxe4 11. O-O Nf6 12. Bf4 Qc5 13. Rfc1
Nbd5 14. Nxd5 Bxd5 15. a4 Ne4 16. Qe1 bxa4 17. Be3 Qc8 18. Rxa4 18... Be7 {
Kline,W-Hameister,R/IECG 1997/0-1 (54)}) 4... Nc6 5. d3 Nf6 6. Bg5 Be7 7. Nf3
h6 8. Bxf6 Bxf6 9. Qd2 O-O 10. O-O Rb8 11. a4 d6 12. h3 b6 13. Nh2 d5 14. Ba2
dxe4 15. Nxe4 Bxb2 16. Rab1 f5 17. Rxb2 fxe4 18. Ng4 {
Bradaric,R-Lalic,B/Open, Zadar CRO 1997/0-1 (49)}) 4. Qe2 Nc6 5. Nf3 5... Be7
$14 (5... d6 6. d3 Be7 7. O-O O-O 8. Bg5 b6 9. a3 Bb7 10. Rad1 Nd4 11. Nxd4
cxd4 12. Nb1 d5 13. Ba2 Rc8 14. c3 dxc3 15. Nxc3 d4 16. Nb1 Nd7 17. Bc1 Kh8 18.
Nd2 e5 19. f4 exf4 20. Rxf4 {Sek,Z-Borysiak,B/Warsaw op 1992/0-1 (33)}) (5...
Nd4 6. Nxd4 cxd4 7. Nb5 $11) 6. O-O $11 (6. e5 6... Ng4 $14) 6... d5 7. Bb5 {
Nun geraet Schwarz unter starken Druck.} 7... O-O 8. e5 Nd7 9. Bxc6 9... bxc6 {
Befestigt b5} 10. d3 10... f6 {Kontrolliert g5} (10... Ba6 11. b3 $11) 11. exf6
11... Bxf6 $2 $16 (11... Nxf6 $5 $142 {damit waere Schwarz im Spiel geblieben}
12. Bf4 12... d4 $14) 12. Qxe6+ Kh8 13. Qxc6 Nb6 14. Qxc5 Bg4 15. Nd2 Rc8 16.
Qa5 Bd4 (16... d4 $142 17. Nce4 17... Rxc2 $18) 17. Nb5 (17. Qxa7 Qh4 18. Kh1
18... Rxf2 $19) 17... Bxf2+ 18. Rxf2 18... Rxf2 {
Wenn Schwarz nun zu Qh4 kommt, geht es ihm besser} 19. Nxa7 $1 {
logisch und kraftvoll} (19. Kxf2 Qh4+ 20. Kf1 Rf8+ 21. Nf3 21... Bxf3 $17)
19... Qe7 $4 $18 {ein schwacher Zug, der den Gewinn vergibt} (19... Re2 20. c4
Qh4 21. Qxb6 Rf8 22. Kh1 Qe1+ 23. Qg1 Qxg1+ 24. Kxg1 Re1+ 25. Nf1 Rexf1#) 20.
Kxf2 20... Qe2+ $2 (20... Qh4+ 21. Kf1 Rf8+ 22. Nf3 22... Bxf3 $19) 21. Kg3
21... Qe1+ $2 (21... Qe5+ 22. Kxg4 h5+ 23. Kh3 Qe6+ 24. Kg3 Qe1+ 25. Kh3 Qe6+
26. Kg3 Qe1+ 27. Kh3 27... Qe6+ $11) 22. Kxg4 h5+ 23. Kxh5 23... Rf8 {
Es droht Matt} 24. Qxb6 (24. Nc6 g6+ 25. Kg4 Qe6+ 26. Kg3 Qe1+ 27. Kh3 Qe6+ 28.
Kg3 Qe1+ 29. Kh3 Qe6+ 30. Kg3 $11) 24... Qe5+ 25. Kg4 (25. Kh4 {
waere gleichermassen fruchtlos} 25... Qxh2+ 26. Kg4 Rf4+ 27. Kg5 Qg3+ 28. Kh5
Rh4#) 25... Rf4+ $1 {ein unangenehmes Schach} 26. Kh3 Qf5+ 27. g4 (27. Kg3 {
aendert den traurigen Lauf der Dinge nicht} 27... Qg4#) 27... Qxg4# 0-1

[Event "ICS rated blitz match"]
[Site "207.99.83.227"]
[Date "1999.04.03"]
[Round "?"]
[White "Bankieren"]
[Black "Hossa"]
[Result "0-1"]
[WhiteElo "2277"]
[BlackElo "2470"]
[Annotator "Fritz 5.32 (15s)"]
[PlyCount "44"]

1. e4 d6 2. d4 Nf6 3. Nc3 Nbd7 4. Nf3 e5 5. Bc4 exd4 6. Nxd4 Be7 7. O-O Ne5 8.
Bb3 O-O 9. f4 $146 (9. Bg5 b6 (9... c6 10. Qe2 Bd7 11. Rad1 Qc8 12. h3 Be6 13.
Nxe6 fxe6 14. f4 Nf7 15. e5 Nd5 16. Bxe7 Nxe7 17. exd6 Nd5 18. Nxd5 exd5 19. c4
Nxd6 20. cxd5 Kh8 21. Qe6 Qxe6 22. dxe6 Nf5 23. Rd7 Rae8 24. g4 Re7 25. gxf5
Rxd7 26. exd7 {1-0 Traxler,S-Adrian,F/IECG, Cat-D (m/2369/ 1996 (26)}) 10. Bxf6
Bxf6 11. Bd5 Ba6 12. Re1 Rc8 13. f4 Nc4 14. b3 Na5 15. e5 dxe5 16. fxe5 Be7 17.
Nf5 Bc5+ 18. Kh1 Qg5 19. Qf3 Rcd8 20. Ne4 Qg6 21. Nxc5 Kh8 22. Nxa6 b5 23. Nb4
23... c5 {Hashizume,F-Skidmore,J/WchJW-U18 Duisburg 1992/1-0 (36)}) 9... Ned7
10. Qe1 $15 (10. Re1 10... Re8 $11) 10... Nc5 11. Bd2 11... Bg4 $11 (11... Re8
12. f5 $15) 12. h3 Be6 (12... Bc8 13. Qe3 $11) 13. Qe3 Bxb3 14. axb3 {
Verwehrt dem Gegner a4} 14... Re8 {Schwarz ergreift die Initiative} 15. b4 Na6
16. Nce2 $15 (16. b5 $5 16... Nb4 17. Nce2 $11) 16... Bf8 17. Ng3 $19 (17. e5
$5 $15 $142 {kommt in Betracht}) 17... Nxe4 18. Nxe4 d5 19. Qg3 (19. Bc3 Rxe4
20. Qd2 20... c6 $19) 19... Rxe4 20. Bc3 (20. c3 Qf6 21. Be3 Nxb4 22. cxb4 Rxd4
23. Bxd4 Qxd4+ 24. Kh1 24... Bxb4 $19) 20... Nxb4 (20... Bxb4 21. Ne6 Bxc3 22.
Nxd8 Bd4+ 23. Kh1 Rxd8 24. c3 $16) 21. f5 (21. Nf5 21... g6 $1 {
zwingend und schoen} (21... Nxc2 $4 {Schwarz schlaegt einen vergifteten Bauern}
22. Nh6+ Kh8 23. Nxf7+ Kg8 24. Nxd8 Rxd8 25. Rxa7 $18) 22. Bxb4 Bxb4 23. Nh6+
23... Kg7 $19) 21... Bc5 22. Qd3 (22. f6 g6 23. Qf2 $19) 22... Nxd3 (22... Nxd3
23. cxd3 Bxd4+ 24. Kh1 24... Rh4 $19) 0-1